Wszyscy polacy którzy grali w Premier League - Statystyki

Ogólne statystyki
  • Ten quiz został rozwiązany 61 razy
    44 od ostatniego zresetowania
  • Średni wynik to 11 z 21
Statystyki odpowiedzi
Sezon Piłkarz % Poprawnych
2007-teraz Fabiański
98%
2017-2025 Bednarek
88%
2010-2015 Szczęsny
88%
2023-2025 Kiwior
83%
2016-2017,2020-2021 Grosicki
79%
2020-teraz Cash
76%
2004-2011 Kuszczak
76%
2001-2007 Dudek
74%
2012-2020 Boruc
67%
2017-2018 Krychowiak
64%
2005-2006,2007-2008 Rasiak
64%
2020-2025 Moder
60%
2014-2017 Wasilewski
60%
2018-2023 Klich
48%
2022-2024 Kozłowski
36%
2021-2023 Karbownik
31%
2005-2006 Olisadebe
17%
2005-2006 Fojut
12%
2002-2003 Świerczewski
12%
2019-2023 Bogusz
2%
2022-2024 Lis
0%
Nie znaleziono quizów pasujących do podanych kryteriów
Rozkład punktacji
Procent ludzi z każdym wynikiem
Percentyl według liczby udzielonych odpowiedzi
Twoja historia wyników
Nie rozwiązałeś tego quizu od ostatniego zresetowania